[Event "Klatovy op-A"]
[Site "Klatovy"]
[Date "1997.??.??"]
[Round "?"]
[White "Sysel, Jaroslav"]
[Black "Dolezal, Radoslav Sr"]
[Result "1/2-1/2"]
[WhiteElo "1965"]
[BlackElo "2050"]

1.d4 d5 2.c4 c6 3.Nc3 Nf6 4.Nf3 e6 5.e3 Be7 6.Bd3 O-O 7.O-O Nbd7 8.b3 b6
9.Qc2 Bb7 10.Bb2 Rc8 11.Rfd1 Re8 12.Rac1 Nf8 13.e4 dxe4 14.Nxe4 Qc7 15.Ne5 Nxe4
16.Bxe4 Ng6 17.Rd3 c5 18.Bxb7 Qxb7 19.Rcd1 Nxe5 20.dxe5 Red8 21.f4 Qc7 22.Kf2 Rxd3
23.Rxd3 Rd8 24.Qd2  1/2-1/2

[Event "Klatovy op-A"]
[Site "Klatovy"]
[Date "1997.??.??"]
[Round "?"]
[White "Sysel, Jaroslav"]
[Black "Buldrova, Monika"]
[Result "1/2-1/2"]
[WhiteElo "1965"]
[BlackElo "1795"]

1.d4 d5 2.c4 c6 3.Nf3 Nf6 4.Nc3 e6 5.e3 Nbd7 6.Bd3 Bd6 7.O-O O-O 8.Re1 Re8
9.e4 dxe4 10.Nxe4 Nxe4 11.Bxe4 c5 12.d5 h6 13.Bd2 Nf6 14.Bc2 exd5 15.Rxe8+ Qxe8
16.cxd5 Bg4 17.Bc3 Ne4 18.Qd3 Bxf3 19.gxf3 Ng5 20.h4 Nh3+ 21.Kf1 g6 22.Qe4 Nf4  1/2-1/2

[Event "Klatovy op-A"]
[Site "Klatovy"]
[Date "1997.??.??"]
[Round "?"]
[White "Tyle, V."]
[Black "Buldrova, Monika"]
[Result "1/2-1/2"]
[WhiteElo "1935"]
[BlackElo "1795"]

1.c4 c6 2.Nc3 d5 3.d4 Nf6 4.Nf3 e6 5.e3 Bd6 6.Bd3 Nbd7 7.O-O O-O 8.c5 Bc7
9.b4 e5 10.Be2 Re8 11.a4 exd4 12.Nxd4 a5 13.b5 Nxc5 14.bxc6 bxc6 15.Ba3 Qd6
16.g3 Nfd7 17.Rc1 Qf6 18.Nxc6 Qxc6 19.Bb5 Qe6 20.Nxd5 Bd6 21.Bxc5 Nxc5 22.Rxc5 Rd8
23.Nf4 Qe7  1/2-1/2

[Event "Klatovy op-A"]
[Site "Klatovy"]
[Date "1997.??.??"]
[Round "?"]
[White "Novak, Jaromir"]
[Black "Majerik, V."]
[Result "1-0"]
[WhiteElo "2075"]
[BlackElo "1955"]

1.d4 d5 2.Nf3 Nf6 3.c4 c6 4.e3 e6 5.Nc3 Be7 6.Ne5 Nbd7 7.f4 dxc4 8.Bxc4 Nb6
9.Be2 Nbd5 10.O-O g6 11.Bf3 O-O 12.e4 Nxc3 13.bxc3 Qc7 14.Be3 Rd8 15.Qa4 Bd7
16.Nxd7 Nxd7 17.c4 Nf6 18.Rac1 c5 19.e5 Ne8 20.d5 Bf8 21.d6 Nxd6 22.exd6 Bxd6
23.g3 Be7 24.Rfd1 a6 25.Rxd8+ Rxd8 26.Rd1 Rxd1+ 27.Qxd1 b5 28.Be2 Qc6 29.Qd3 b4
30.Bd1 Bf6 31.Bc2 h5 32.Qe4 Qb6 33.Kg2 Qa5 34.Bb3 Qb6 35.Ba4 Qa5 36.Qc6 Bd4
37.Bxd4 cxd4 38.Bb3 Qf5 39.Qf3 Qb1 40.Kf2 a5 41.Qd1 Qb2+ 42.Qc2 Qa1 43.Kg2 Qe1
44.Qd3 e5 45.fxe5 Qxe5 46.Kf3 g5 47.Bc2 f5 48.Qxf5 Qe3+ 49.Kg2 Qe2+ 50.Qf2 Qe5
51.Qf3 Qc5 52.Qd5+ Qxd5+ 53.cxd5 Kf7 54.Kf3 Kf6 55.Ke4  1-0

[Event "Klatovy op-B"]
[Site "Klatovy"]
[Date "1997.??.??"]
[Round "?"]
[White "Brazda, A."]
[Black "Kejik, F."]
[Result "1-0"]
[WhiteElo "1830"]
[BlackElo "1665"]

1.d4 d5 2.Nf3 e6 3.c4 Nf6 4.Nc3 c6 5.e3 Nbd7 6.Bd3 dxc4 7.Bxc4 Nd5 8.O-O N7f6
9.a3 Be7 10.Qc2 O-O 11.b3 Qc7 12.Bb2 b6 13.Bd3 Bb7 14.Rfc1 h6 15.Qe2 Nxc3
16.Rxc3 Rac8 17.Rac1 Qd7 18.b4 b5 19.R3c2 a6 20.Nd2 Rfe8 21.Ne4 Nd5 22.Nc5 Bxc5
23.Rxc5 Rc7 24.Qf3 Rec8 25.e4 Nf6 26.Qg3 Ne8 27.Rh5 Kf8 28.e5 f5 29.exf6 Nxf6
30.Re5 Re8 31.Rce1 Qd6 32.Qh4 Nd7 33.R5e3 Nf6 34.Rf3 c5 35.dxc5 Qe7 36.Rg3 Rd7
37.Rg6 Rxd3 38.Bxf6 Qd7 39.Bxg7+ Qxg7 40.Rxg7 Kxg7 41.Qg4+ Kh8 42.Qg6 Red8
43.Qxh6+ Kg8 44.Qxe6+ Kh7 45.h4 Ba8 46.Qf7+ Kh6 47.h5  1-0

[Event "Klatovy op-A"]
[Site "Klatovy"]
[Date "1997.??.??"]
[Round "?"]
[White "Stross, Frantisek"]
[Black "Cejkova, Miroslava"]
[Result "1-0"]
[WhiteElo "1890"]
[BlackElo "2135"]

1.d4 d5 2.c4 e6 3.Nc3 c6 4.e3 Nf6 5.Nf3 Nbd7 6.Bd3 dxc4 7.Bxc4 b5 8.Bd3 a6
9.O-O c5 10.Ne4 Bb7 11.Ng3 Be7 12.Re1 h5 13.a4 h4 14.Nf1 Qb6 15.h3 Rc8 16.axb5 axb5
17.Bd2 Ne4 18.Ba5 Qc6 19.dxc5 Nexc5 20.Be2 g5 21.Rc1 g4 22.hxg4 Rg8 23.b4 Ra8
24.Qd2 Rxa5 25.bxa5 Rxg4 26.N1h2 Rg8 27.Red1 Ne5 28.Qb4 Nc4 29.Bxc4 bxc4
30.Rxc4 h3 31.g3 Bd6 32.Rg4 Rf8 33.Qb6 Ke7 34.Qxc6 Bxc6 35.Nd4 Bd5 36.Ra1 Ra8
37.Rh4 Bc7 38.a6 Rxa6 39.Rxa6 Nxa6 40.Rxh3 Nc5 41.f3 Nd3 42.Nf1 Bb6 43.Nd2 e5
44.Nf5+ Kd7 45.g4 Be6 46.Nf1 Bd5 47.Rh6 Bc5 48.Nh2 Be6 49.Rh7 Bd5 50.Kg2 Ke6
51.Kg3 Kd7 52.g5 Be6 53.e4 Nf4 54.Ng4 Ng6 55.Ngh6 Nf8 56.Rg7 Ke8 57.Rg8 Bb3
58.Ng4 Bb4 59.Nf6+ Kd8 60.Nh7 f6 61.Rxf8+ Bxf8 62.Nxf8 fxg5 63.Nh7 Kd7 64.Nxg5  1-0

[Event "Klatovy op-A"]
[Site "Klatovy"]
[Date "1997.??.??"]
[Round "?"]
[White "Trmota, Zdenek"]
[Black "Jilemnicka, Jana"]
[Result "1-0"]
[WhiteElo "2110"]
[BlackElo "1855"]

1.d4 d5 2.Nf3 Nf6 3.c4 e6 4.Nc3 c6 5.e3 Bd6 6.Qc2 O-O 7.Bd3 Nbd7 8.O-O Re8
9.e4 dxe4 10.Nxe4 Nxe4 11.Bxe4 Nf6 12.Bg5 h6 13.Bh4 e5 14.Rfe1 g5 15.dxe5 Nxe4
16.exd6 Bf5 17.Qc1 gxh4 18.Qf4 Bg6 19.Rad1 Kh7 20.Ne5 Ng5 21.Ng4 Kg7 22.Rxe8 Qxe8
23.Qd4+ f6 24.Nxf6 Qf7 25.Ng4+ Kh7 26.Re1 Kg8 27.Nxh6+  1-0

[Event "Klatovy op-A"]
[Site "Klatovy"]
[Date "1997.??.??"]
[Round "?"]
[White "Capek, Ivan"]
[Black "Jilemnicka, Jana"]
[Result "1/2-1/2"]
[WhiteElo "2000"]
[BlackElo "1855"]

1.d4 Nf6 2.Nf3 e6 3.c4 d5 4.Nc3 c6 5.e3 Bd6 6.Qc2 O-O 7.b3 Nbd7 8.Be2 Re8
9.O-O Qc7 10.c5 Bf8 11.e4 e5 12.exd5 Nxd5 13.Nxd5 cxd5 14.dxe5 Bxc5 15.Bd3 h6
16.Bb2 Nf8 17.Rac1 Ne6 18.b4 Bb6 19.Qd2 Qe7 20.Bb1 Rd8 21.Rfe1 Bd7 22.Nd4 Bxd4
23.Bxd4 Qh4 24.Bc5 Bc6 25.f3  1/2-1/2

[Event "Koblenz-ch"]
[Site "Koblenz"]
[Date "1997.??.??"]
[Round "7"]
[White "Schulz, Klaus Juergen"]
[Black "Matriciani, Ruediger"]
[Result "1-0"]
[WhiteElo "2385"]
[BlackElo "1975"]

1.d4 d5 2.Nf3 Nf6 3.c4 e6 4.Nc3 c6 5.e3 Bd6 6.Bd3 dxc4 7.Bxc4 b5 8.Bd3 a6
9.e4 Be7 10.e5 Nd5 11.Ne4 Nd7 12.Bg5 f6 13.exf6 N5xf6 14.h4 Bb7 15.Qb3 Nd5  1-0

[Event "Koge op"]
[Site "Koge"]
[Date "1997.??.??"]
[Round "1"]
[White "Timman, Jan H"]
[Black "Pedersen, Hans"]
[Result "1-0"]
[WhiteElo "2625"]
[BlackElo "2165"]

1.d4 d5 2.c4 c6 3.Nc3 Nf6 4.e3 e6 5.Nf3 Nbd7 6.Qc2 a6 7.b3 Be7 8.Bd3 Qc7
9.O-O O-O 10.Bb2 Rd8 11.Rac1 Nf8 12.Rfe1 dxc4 13.Bxc4 b5 14.Bd3 Bb7 15.Ne4 Nxe4
16.Bxe4 Rac8 17.Ne5 c5 18.dxc5 Bxe4 19.Qxe4 Rd2 20.Bc3 f5 21.Qb1 Rd5 22.Nd3 Qd8
23.Bd4 Rxd4 24.exd4 Qxd4 25.b4 Bf6 26.Rcd1 Qh4 27.Ne5 Qf4 28.g3 Qh6 29.Qb3 Rc7
30.Nd7  1-0

[Event "Koge op"]
[Site "Koge"]
[Date "1997.??.??"]
[Round "4"]
[White "Malekian, Babak"]
[Black "Petersen, Nils"]
[Result "1-0"]
[WhiteElo "2260"]
[BlackElo "2100"]

1.d4 d5 2.c4 e6 3.Nf3 Nf6 4.Nc3 c6 5.e3 Bd6 6.Qc2 h6 7.b3 b6 8.Bb2 Bb7 9.Bd3 Nbd7
10.O-O O-O 11.cxd5 exd5 12.Rac1 Rc8 13.Bf5 Rc7 14.Rfd1 Qe7 15.Re1 g6 16.Bd3 Bb4
17.Ne5 Rfc8 18.a3 Bd6 19.f4 a6 20.Na4 c5 21.Nxd7 Nxd7 22.dxc5 Bxc5 23.Nxc5 Rxc5
24.Qd2 Nf6 25.Qb4 Qe6 26.Rxc5 Rxc5 27.Qd4 Kg7 28.f5 Qe7 29.fxg6 fxg6 30.Rf1 Rc6
31.Rf3 Re6 32.Rg3 g5 33.h4 Qc5 34.hxg5 hxg5 35.Rxg5+ Kf7 36.Bg6+ Kf8 37.Qf4 Qd6
38.Qh4 Qc6 39.Rf5 Ke7 40.Qh8 d4 41.Qg7+ Kd8 42.Bf7 Ne8 43.Qg5+ Re7 44.Bxd4 Kc8
45.Bd5 Qc1+ 46.Rf1 Qxa3 47.Bxb6 Qd6 48.Rc1+ Kb8 49.Bc5 Qxd5 50.Qxd5 Bxd5
51.Bxe7  1-0

[Event "Koge op"]
[Site "Koge"]
[Date "1997.??.??"]
[Round "7"]
[White "Jorgensen, Brian"]
[Black "Petersen, Nils"]
[Result "1-0"]
[WhiteElo "2200"]
[BlackElo "2100"]

1.d4 d5 2.c4 e6 3.Nc3 Nf6 4.Nf3 c6 5.e3 Bd6 6.Bd3 h6 7.O-O O-O 8.Qe2 Nbd7
9.e4 dxe4 10.Nxe4 Nxe4 11.Qxe4 Nf6 12.Qe2 Qc7 13.b3 b6 14.Bb2 Bb7 15.Rad1 Qe7
16.Bb1 Ba3 17.Ba1 Rfe8 18.Qc2 Rad8 19.Rfe1 Bd6 20.Ne5 Kf8 21.f4 Bb8 22.f5 Qc7
23.fxe6 Rxe6 24.Qf2 Bc8 25.Bb2 Kg8 26.Qh4 Rde8 27.Bf5 R6e7 28.Bxc8 Qxc8 29.Nf3 Qg4
30.Qxg4 Nxg4 31.Rxe7 Rxe7 32.h3 Re2 33.Rd2 Rxd2 34.Nxd2 Ne3 35.Ne4 f5 36.Nc3 Kf7
37.Ne2 g5 38.Bc1 Nc2 39.Bd2 Bd6 40.Kf2 Nb4 41.Nc1 Na6 42.Nd3 Nb8 43.b4 Nd7
44.a4 Nf6 45.Be1 Ne4+ 46.Ke3 Ke6 47.b5 c5 48.d5+ Kf6 49.a5 Be5 50.Nxe5 Kxe5
51.a6 f4+ 52.Kd3 Kf5 53.Ba5 h5 54.Bxb6 g4 55.Bc7 g3 56.b6 Nf2+ 57.Ke2 Nxh3
58.gxh3 Ke4 59.bxa7 f3+ 60.Kf1  1-0

[Event "Koge op"]
[Site "Koge"]
[Date "1997.??.??"]
[Round "7"]
[White "Aleksandrov, Aleksej"]
[Black "Hansen, Lars Bo"]
[Result "0-1"]
[WhiteElo "2660"]
[BlackElo "2570"]

1.d4 d5 2.c4 c6 3.Nc3 Nf6 4.e3 e6 5.Nf3 Nbd7 6.Bd3 Bd6 7.O-O O-O 8.e4 dxe4
9.Nxe4 Nxe4 10.Bxe4 h6 11.Bc2 e5 12.c5 Bc7 13.b4 exd4 14.Qd3 Nf6 15.Bb2 a5
16.a3 b6 17.Rfe1 axb4 18.axb4 Rxa1 19.Bxa1 bxc5 20.bxc5 Bg4 21.Nxd4 Re8 22.Rf1 Qd5
23.h3 Bd7 24.Rd1 Qxc5 25.Nf3 Be6 26.Bxf6 gxf6 27.Qh7+ Kf8 28.Qxh6+ Ke7 29.Be4 Rd8
30.Re1 Bb6 31.Qh4 Ra8 32.Bb1 Rd8 33.Be4 Rg8 34.Bb1 Qc3 35.Bf5 Qxf3 36.Bg4 Qf4
37.Bxe6 Qxh4  0-1

[Event "RUS-ch U20"]
[Site "Kolontaevo"]
[Date "1997.??.??"]
[Round "?"]
[White "Najer, Evgeniy"]
[Black "Kobalija, Mihail"]
[Result "1-0"]
[WhiteElo "2510"]
[BlackElo "2545"]

1.d4 d5 2.c4 c6 3.Nc3 Nf6 4.e3 e6 5.Nf3 Nbd7 6.Bd3 dxc4 7.Bxc4 b5 8.Bd3 Bb7
9.a3 b4 10.Ne4 a5 11.Nxf6+ Nxf6 12.e4 Be7 13.Qe2 Nd7 14.O-O O-O 15.Rd1 Qb8
16.Be3 Rd8 17.axb4 axb4 18.Rac1 Nf8 19.h4 Rc8 20.Ne5 c5 21.Qh5 g6 22.Qf3 f6
23.Nc4 cxd4 24.Bxd4 e5 25.Be3 Ba6 26.Qe2 Qb7 27.Nb6 Bxd3 28.Qxd3 Rxc1 29.Rxc1 Re8
30.Qb5 Kf7 31.Rc6 Bd8 32.Qd5+ Kg7 33.Nc4 Qd7 34.Bc5 Be7 35.Nd6 Bxd6 36.Bxd6 Ne6
37.Rc7 Nxc7 38.Bf8+ Kxf8 39.Qxd7 Re7 40.Qd6 Nb5 41.Qxb4 Nd4 42.Qc4 Kg7 43.Qc8 Ra7
44.Kh2 h5 45.Qb8 Ra1 46.Qc7+ Kg8 47.Qd8+ Kf7 48.Qd7+ Kf8 49.f4 Rd1 50.Qd8+ Kf7
51.Qc7+ Ke6 52.fxe5 fxe5 53.Qg7  1-0

[Event "RUS-ch U20"]
[Site "Kolontaevo"]
[Date "1997.??.??"]
[Round "?"]
[White "Najer, Evgeniy"]
[Black "Galkin, Alexander"]
[Result "1/2-1/2"]
[WhiteElo "2510"]
[BlackElo "2510"]

1.d4 d5 2.c4 c6 3.Nc3 Nf6 4.e3 e6 5.Nf3 Nbd7 6.Qc2 Bd6 7.Bd3 O-O 8.O-O dxc4
9.Bxc4 b5 10.Bd3 Bb7 11.a3 a6 12.b4 a5 13.Rb1 axb4 14.axb4 Qe7 15.e4 e5 16.Ne2 Bxb4
17.Ng3 exd4 18.e5 Nxe5 19.Nxe5 c5 20.Rxb4 cxb4 21.Re1 Qe6 22.Nf5 Ne4 23.Nc6 Bxc6
24.Nxd4 b3 25.Qe2 Nc3 26.Qxe6 fxe6 27.Nxc6  1/2-1/2

[Event "RUS-ch U20"]
[Site "Kolontaevo"]
[Date "1997.??.??"]
[Round "?"]
[White "Belozerov, Andrei"]
[Black "Kobalija, Mihail"]
[Result "1/2-1/2"]
[WhiteElo "2420"]
[BlackElo "2545"]

1.d4 d5 2.c4 c6 3.Nc3 Nf6 4.e3 e6 5.Nf3 Nbd7 6.Bd3 dxc4 7.Bxc4 b5 8.Bd3 Bb7
9.O-O b4 10.Ne4 Be7 11.Nxf6+ Nxf6 12.e4 O-O 13.e5 Nd7 14.Qc2 h6 15.Bh7+ Kh8
16.Be4 Qb6 17.Be3 c5 18.dxc5 Nxc5 19.Bxb7 Qxb7 20.Rac1 Rac8 21.Qe2 a5 22.Bxc5 Bxc5
23.Rc4 Bb6 24.Rfc1 Rfd8 25.Rxc8 Rxc8 26.Rxc8+ Qxc8 27.g3 Qc5 28.b3 Kg8 29.Ne1 Qd5
30.Nd3 Bd4 31.h4 Qc6 32.h5 Bc3 33.Kh2 a4 34.bxa4 Qxa4 35.f4 Qb5 36.Nc1 Qc6
37.Qd3 Qa8 38.Ne2 Qxa2 39.Qd8+ Kh7 40.Qd3+ Kg8 41.Qd8+ Kh7 42.Qd3+ Kg8 43.Qd8+  1/2-1/2

[Event "RUS-ch (Women) sf"]
[Site "Kolontaevo"]
[Date "1997.??.??"]
[Round "?"]
[White "Reutova, Ljudmila"]
[Black "Gagloshvili, Raissa"]
[Result "1-0"]
[WhiteElo "2115"]
[BlackElo "2220"]

1.d4 Nf6 2.Nf3 d5 3.c4 c6 4.e3 e6 5.Nc3 Nbd7 6.Bd3 Be7 7.O-O O-O 8.e4 dxe4
9.Nxe4 c5 10.Nxc5 Nxc5 11.dxc5 Bxc5 12.Bg5 Be7 13.Qe2 Qa5 14.a3 h6 15.Bh4 Qb6
16.Rad1 a5 17.Ne5 a4 18.Kh1 Ra5 19.f4 Qc7 20.Bb1 g6 21.Qc2 Rxe5 22.fxe5 Qxe5
23.Qc1 Ng4 24.Bg3 Qh5 25.h3 e5 26.Be4 Bg5 27.Qb1 Ne3 28.Bf3 Bg4 29.Bxg4 Nxg4
30.Rd7 Ne3 31.Re1 b6 32.Qe4 Nf5 33.Bxe5 Bf6 34.Kh2 Bxe5+ 35.Qxe5 Qh4 36.Re4 Qf2
37.Re2 Qh4 38.g4 Ng7 39.Qe7 g5 40.Qf6 h5 41.Re4 Kh7 42.Rxf7 Rxf7 43.Qxf7 hxg4
44.Rxg4 Qh6 45.Qe7  1-0

[Event "Komarno op"]
[Site "Komarno"]
[Date "1997.??.??"]
[Round "?"]
[White "Salai, Ladislav"]
[Black "Timoshchenko, Vera I"]
[Result "1-0"]
[WhiteElo "2460"]
[BlackElo "2140"]

1.d4 d5 2.c4 e6 3.Nf3 Nf6 4.Nc3 c6 5.e3 Be7 6.Bd3 Nbd7 7.O-O O-O 8.b3 b6
9.Bb2 Bb7 10.Rc1 a6 11.a4 h6 12.Qe2 Bb4 13.Rfd1 Qe7 14.Na2 Bd6 15.Ne5 Rfc8
16.a5 bxa5 17.c5 Bc7 18.f4 Ne4 19.Nxd7 Qxd7 20.Bxe4 dxe4 21.Nc3 f5 22.Na4 Kh7
23.Bc3 Rg8 24.Kh1 Rae8 25.Nb2 g5 26.g3 gxf4 27.gxf4 Rg4 28.Rg1 Reg8 29.Nc4 Qd5
30.Bxa5 Bb8 31.h3 R4g6 32.Rxg6 Rxg6 33.Rg1 Rxg1+ 34.Kxg1 Qd7 35.Qh5 Qg7+
36.Kf2 Qg6 37.Qxg6+ Kxg6 38.Bd8 Kf7 39.Na5 Ba8 40.Kg3 Ke8 41.Bb6 Kf7 42.Kh4 Kg6
43.Bd8 h5 44.Nc4 Bb7 45.Nb6 Ba7 46.Nd7 Kf7 47.Ne5+ Ke8 48.Bc7  1-0

[Event "Cassovia op"]
[Site "Kosice"]
[Date "1997.??.??"]
[Round "?"]
[White "Krivoshey, Sergei"]
[Black "Solodovnichenko, Yuri"]
[Result "0-1"]
[WhiteElo "2450"]
[BlackElo "2370"]

1.Nf3 Nf6 2.c4 c6 3.Nc3 d5 4.d4 e6 5.e3 Nbd7 6.Qc2 Bd6 7.Bd3 O-O 8.O-O Re8
9.Rd1 Qe7 10.c5 Bc7 11.e4 e5 12.Bg5 exd4 13.exd5 Qxc5 14.Nxd4 cxd5 15.Bf5 Be5
16.Be3 Qc7 17.Ndb5 Qb8 18.g3 a6 19.Na3 Nf8 20.Nxd5 Nxd5 21.Rxd5 Bxf5 22.Qxf5 Bxb2
23.Nc2 Bxa1 24.Nxa1 Rd8 25.Nb3 Rxd5 26.Qxd5 Qc7 27.Nc5 Qc6 28.Qb3 b5 29.Nd3 Qc4
30.Qb1 Rd8 31.Nf4 Ng6  0-1

[Event "Koszalin sim1"]
[Site "Koszalin"]
[Date "1997.??.??"]
[Round "?"]
[White "Karpov, Anatoly"]
[Black "Popczynski, Przemyslaw"]
[Result "1-0"]
[WhiteElo "2745"]
[BlackElo "2135"]

1.Nf3 Nf6 2.c4 e6 3.Nc3 d5 4.d4 c6 5.e3 Bd6 6.Bd3 O-O 7.O-O dxc4 8.Bxc4 b5
9.Bd3 a6 10.e4 Be7 11.Bg5 Bb7 12.e5 Nd5 13.Ne4 f6 14.exf6 gxf6 15.Bh6 Rf7
16.Rc1 f5 17.Nc5 Bxc5 18.dxc5 Nd7 19.Re1 Qf6 20.Bg5 Qg6 21.Bh4 Rg7 22.g3 Qh6
23.Kh1 Rg6 24.a3 Qg7 25.Qe2 Rf8 26.b4 Bc8 27.Qc2 Kh8 28.Re2 Rg8 29.Rce1 Nf8
30.Ne5 Rh6 31.Qb2 Nf6 32.Bxf6 Rxf6 33.f4 Ng6 34.Nf3 Rd8 35.Bb1 Nf8 36.Kg1 Rg6
37.Ne5 Qh6 38.Nf7+  1-0

[Event "RUS-ch sf"]
[Site "Krasnodar"]
[Date "1997.??.??"]
[Round "?"]
[White "Ivlev, Valentin"]
[Black "Beshukov, Sergei"]
[Result "0-1"]
[WhiteElo "2310"]
[BlackElo "2435"]

1.d4 d5 2.c4 c6 3.Nc3 e6 4.e3 Nf6 5.Nf3 Nbd7 6.Bd3 dxc4 7.Bxc4 b5 8.Bd3 a6
9.e4 c5 10.d5 c4 11.Bc2 Qc7 12.O-O Bd6 13.Qd2 O-O 14.Rd1 e5 15.Ne2 Rd8 16.Ng3 Nc5
17.Nh4 Ne8 18.Nhf5 Bf8 19.b3 cxb3 20.axb3 Nb7 21.Bb2 g6 22.Ne3 Qe7 23.Qc3 Bg7
24.Qe1 h5 25.f3 Nbd6 26.Bd3 h4 27.Ngf1 f5 28.Rdc1 Bd7 29.Ba3 Qf6 30.Bc5 Bh6
31.Rc2 Nb7 32.Ba3 Ng7 33.g4 a5 34.gxf5 gxf5 35.Rg2 h3 36.Rg3 f4 37.Ng4 Qb6+
38.Kh1 fxg3 39.Qxg3 Bxg4 40.Qxg4 Qd4 41.Rd1  0-1

[Event "Krasnodar"]
[Site "Krasnodar"]
[Date "1997.??.??"]
[Round "3"]
[White "Popov, Roman"]
[Black "Stepovaia Dianchenko, Tatiana"]
[Result "0-1"]
[WhiteElo "2365"]
[BlackElo "2350"]

1.Nf3 d5 2.d4 Nf6 3.c4 e6 4.Nc3 c6 5.e3 Nbd7 6.Qc2 Bd6 7.Bd3 Qc7 8.O-O O-O
9.c5 Be7 10.e4 dxe4 11.Nxe4 Nxe4 12.Bxe4 g6 13.Re1 Re8 14.Bd2 Bf6 15.b4 Bg7
16.Bd3 Nf6 17.a4 a6 18.Rab1 Nd5 19.Ne5 Rd8 20.g3 Bd7 21.h4 h5 22.Kg2 Be8
23.Bc4 Qe7 24.Rb3 Nc7 25.Qe4 Nd5 26.Rd3 Qc7 27.Ba2 b5 28.a5 Kh7 29.Bb1 f6
30.Nf3 Bf7 31.Ng1 Re8 32.Qf3 Rad8 33.Nh3 e5 34.dxe5 Rxe5 35.Rxe5 Qxe5 36.Bf4 Qb2
37.Qd1 Qxb4 38.Bd6 Kg8 39.Rd4 Qxa5 40.Qf3 Qa1 41.Rd1 Qc3 42.Rd3 Qb4 43.Bc2 Qg4
44.Ra3 Qxf3+ 45.Kxf3 Ra8 46.Ra5 Bh6 47.Be4 f5 48.Bxd5 Bxd5+ 49.Ke2 Re8+ 50.Kd3 Bc4+
51.Kc3 Re2 52.f4 Re3+ 53.Kc2 b4 54.Be5 Bg7 55.Ng5 Bxe5 56.fxe5 b3+  0-1

[Event "RUS-Cup6"]
[Site "Krasnodar"]
[Date "1997.??.??"]
[Round "3"]
[White "Nadanian, Ashot"]
[Black "Shakhov, Aleksandr E"]
[Result "1-0"]
[WhiteElo "2375"]
[BlackElo "2200"]

1.d4 d5 2.c4 c6 3.Nf3 Nf6 4.e3 e6 5.Nc3 Nbd7 6.Qc2 Bd6 7.g4 dxc4 8.g5 Nd5
9.Bxc4 b6 10.Bd2 Bb7 11.O-O-O Qe7 12.Kb1 Rc8 13.h4 c5 14.Bxd5 exd5 15.h5 O-O
16.Nh4 Qe6 17.Nf5 f6 18.Rdg1 fxg5 19.Rxg5 Rf7 20.Rhg1 Bf8 21.Ne2 h6 22.Nf4 Qf6
23.Nxh6+ Qxh6 24.Rg6 Qh7 25.Qa4 Nf6 26.Ka1 Nxh5 27.Nd3 Rf6 28.Ne5 Rxg6 29.Nxg6 Nf6
30.Qxa7 Bc6 31.Ne5 Ne4 32.Qf7+  1-0

[Event "RUS-Cup6"]
[Site "Krasnodar"]
[Date "1997.??.??"]
[Round "5"]
[White "Gubernatorova, L."]
[Black "Alavkin, Arseny"]
[Result "0-1"]
[WhiteElo "2210"]
[BlackElo "2375"]

1.d4 d5 2.c4 c6 3.Nf3 Nf6 4.Nc3 e6 5.e3 Nbd7 6.Bd3 dxc4 7.Bxc4 b5 8.Bd3 Bb7
9.e4 b4 10.Na4 c5 11.e5 Nd5 12.Nxc5 Nxc5 13.dxc5 Bxc5 14.O-O h6 15.Qe2 Qb6
16.Bd2 Ne7 17.Rfc1 Rd8 18.Be1 O-O 19.Nd2 Ng6 20.Be4 Nf4 21.Qf3 Nd3 22.Rc2 Nxe5
23.Qh5 Bd6 24.Bxb7 Qxb7 25.Nb3 Nd3 26.Bd2 Qe4 27.f3 Qb7 28.Be3 Bf4 29.Bxf4 Nxf4
30.Qa5 Nd5 31.Rac1 Qe7 32.Nd4 Qf6 33.Nc6 Rd7 34.Kh1 Rc7 35.h3 Rfc8 36.Rc5 Qxb2
37.Ne7+ Kh7 38.Nxc8 Ne3 39.Rg1  0-1

[Event "SLO-ch"]
[Site "Krsko"]
[Date "1997.??.??"]
[Round "?"]
[White "Brglez, Rado"]
[Black "Pavasovic, Dusko"]
[Result "0-1"]
[WhiteElo "2275"]
[BlackElo "2495"]

1.d4 d5 2.c4 e6 3.Nc3 c6 4.e3 Nf6 5.Nf3 Nbd7 6.Bd3 Bd6 7.O-O O-O 8.e4 dxc4
9.Bxc4 e5 10.a3 Qe7 11.h3 exd4 12.Qxd4 Ne5 13.Be2 Rd8 14.Qa4 Nxf3+ 15.Bxf3 Qe5
16.Rd1 Qh2+ 17.Kf1 Be6 18.Ne2 b5 19.Qc2 Bc4 20.g3 Bc5  0-1

[Event "SLO-ch"]
[Site "Krsko"]
[Date "1997.??.??"]
[Round "?"]
[White "Jelen, Igor"]
[Black "Soln, Primoz"]
[Result "0-1"]
[WhiteElo "2435"]
[BlackElo "2325"]

1.d4 d5 2.c4 c6 3.Nc3 Nf6 4.e3 e6 5.Nf3 Nbd7 6.Bd3 dxc4 7.Bxc4 b5 8.Bd3 Bd6
9.e4 e5 10.O-O O-O 11.h3 Re8 12.Qc2 Bb7 13.dxe5 Nxe5 14.Nxe5 Bxe5 15.Be3 Qe7
16.Rae1 a6 17.Nb1 c5 18.Bxc5 Qc7 19.b4 Rad8 20.Kh1 Qd7 21.Re3 Bf4 22.Rf3 Nxe4
23.Rxf4 Qxd3 24.Qxd3 Rxd3 25.Ba7 g5 26.Rf5 Rxh3+ 27.gxh3 Ng3+ 28.Kg1 Nxf5
29.Nc3 Bf3 30.Nd1 Be2  0-1

[Event "SLO-ch"]
[Site "Krsko"]
[Date "1997.??.??"]
[Round "?"]
[White "Sitnik, Igor"]
[Black "Pavasovic, Dusko"]
[Result "0-1"]
[WhiteElo "2250"]
[BlackElo "2495"]

1.d4 d5 2.c4 e6 3.Nc3 c6 4.Nf3 Nf6 5.e3 Nbd7 6.Qc2 Bd6 7.Bd3 O-O 8.e4 dxc4
9.Bxc4 e5 10.Be3 exd4 11.Bxd4 Ng4 12.Rd1 Qe7 13.h3 Nge5 14.Nxe5 Nxe5 15.Be2 Ng6
16.g3 f5 17.h4 f4 18.h5 Ne5 19.gxf4 Rxf4 20.Qd2 Bc7 21.Qe3 Be6 22.Rg1 Qf7
23.Qg3 Ng4 24.f3 Ne5 25.Qg5 h6 26.Qxh6 Rg4 27.Rxg4 Bxg4 28.Qg6 Nxf3+ 29.Bxf3 Bg3+
30.Kf1 Qxf3+ 31.Kg1 Bh2+ 32.Kxh2 Qh3+ 33.Kg1 Qg3+  0-1

[Event "SLO-ch"]
[Site "Krsko"]
[Date "1997.??.??"]
[Round "?"]
[White "Sitnik, Igor"]
[Black "Podkriznik, Gregor"]
[Result "1/2-1/2"]
[WhiteElo "2250"]
[BlackElo "2295"]

1.d4 d5 2.c4 c6 3.Nf3 Nf6 4.Nc3 e6 5.e3 Nbd7 6.Qc2 Bd6 7.Bd3 O-O 8.O-O dxc4
9.Bxc4 Qe7 10.a3 e5 11.h3 Bc7 12.Ba2 h6 13.Rd1 Re8 14.d5 cxd5 15.Bxd5 Nb6
16.Ba2 e4 17.Nd2 Qe5 18.Nf1 Bd7 19.Bd2 Rac8 20.Qb3 Be6 21.Qb5 Bxa2 22.Rxa2 Qe6
23.Raa1 a6 24.Qe2 Nc4 25.Be1 Be5 26.Rac1 Rc5 27.Rc2 Rec8 28.Rdc1 Nxb2 29.Rxb2 Bxc3
30.Bxc3 Rxc3 31.Rxc3 Rxc3 32.Rxb7 Rxa3 33.Ng3 Ra1+ 34.Kh2 Ra2 35.Qe1 h5 36.Kg1 Qe5
37.Rb1 a5 38.Ne2 Nd5 39.Nd4 Nb4 40.Qc3 Qf6 41.Rf1 Rc2 42.Qa3 Rc5 43.Qa4 Kh7
44.Nb3 Rg5 45.h4 Rg6 46.Qxa5 Qxh4 47.Qf5 Qg4 48.Qxg4 Rxg4 49.Nc5 f5 50.Rb1 Nc6
51.Ne6 Kg8 52.Nf4 h4  1/2-1/2

[Event "RUS-Cup7"]
[Site "Kstovo"]
[Date "1997.??.??"]
[Round "8"]
[White "Ananchenko, Igori"]
[Black "Yagupova, Lola"]
[Result "1-0"]
[WhiteElo "2290"]
[BlackElo "2180"]

1.d4 d5 2.c4 c6 3.Nc3 Nf6 4.Nf3 e6 5.e3 Nbd7 6.Qc2 Bd6 7.Be2 dxc4 8.Bxc4 e5
9.O-O O-O 10.Bb3 Qe7 11.h3 Nb6 12.dxe5 Bxe5 13.Nxe5 Qxe5 14.f4 Qc5 15.Nd5 Qxc2
16.Nxf6+ gxf6 17.Bxc2 f5 18.b3 Re8 19.Rf3 f6 20.Bb2 Kf7 21.Re1 Be6 22.Rf2 Bd7
23.Bd1 Kg6 24.g4 Nd5 25.gxf5+ Bxf5 26.Rg2+ Kf7 27.Kf2 Nb4 28.Be2 Bxh3 29.Rh2 Bf5
30.Bc4+ Nd5 31.Rh6 Kg7 32.Rh5 Bg6 33.Rg1 Nxe3 34.f5 Nd1+ 35.Rxd1 Bxh5 36.Rd7+ Kf8
37.Ba3+ Re7 38.Rxe7 Be8 39.Rxh7+  1-0

[Event "La Plata"]
[Site "La Plata"]
[Date "1997.??.??"]
[Round "6"]
[White "Garcia Palermo, Carlos"]
[Black "Braga, Fernando"]
[Result "1/2-1/2"]
[WhiteElo "2465"]
[BlackElo "2465"]

1.c4 e6 2.Nc3 d5 3.d4 c6 4.e3 Nf6 5.Nf3 Nbd7 6.Qc2 Bd6 7.Bd3 dxc4 8.Bxc4 b5
9.Bd3 Bb7 10.O-O O-O 11.Bd2 Rc8 12.h3 b4 13.Ne4 Nxe4 14.Bxe4 Nf6 15.a3 bxa3
16.b4 Nxe4 17.Qxe4 Qe7 18.Qh4 Qxh4 19.Nxh4 a5 20.Rfb1 axb4 21.Bxb4 Bxb4 22.Rxb4 Ba8
23.Rxa3  1/2-1/2

[Event "IBM op"]
[Site "La Reunion"]
[Date "1997.??.??"]
[Round "6"]
[White "Lorans, Sylvain"]
[Black "Rabascall, Jacques"]
[Result "0-1"]
[WhiteElo "2170"]
[BlackElo "2010"]

1.d4 d5 2.c4 c6 3.Nf3 Nf6 4.Nc3 e6 5.e3 Be7 6.Be2 b6 7.O-O Ba6 8.b3 O-O 9.Bb2 Nbd7
10.Bd3 Rc8 11.e4 dxe4 12.Nxe4 Nxe4 13.Bxe4 Nf6 14.Bc2 Qc7 15.Qe2 Rfe8 16.Ne5 Bf8
17.Rad1 Bb7 18.Rd3 Rcd8 19.Rh3 g6 20.g4 Bg7 21.g5 Nd7 22.Ng4 Qf4 23.Nh6+ Bxh6
24.gxh6 Qg5+ 25.Rg3 Qxh6 26.Be4 e5 27.Qf3 exd4 28.Bxd4 c5 29.Bxb7 cxd4 30.Bd5 Qg7
31.Rd1 Nc5 32.Qf4 Ne6 33.Qd2 Qf6 34.Rg4 h5 35.Re4 Qf5 36.Rde1 Kh7 37.a3 Qf6
38.Kf1 Re7 39.Qd3 Rd6 40.Qg3 Rdd7 41.Rd1 Qf5 42.Re5 Qc2 43.Qf3 Kg7 44.b4 b5
45.Bxe6 Rxe6 46.Rxb5 Qxc4+ 47.Qd3 Qc6 48.Kg1 Re4 49.h3 Rde7 50.Rf1 Qf6 51.Rd5 h4
52.Kg2 Rf4 53.b5 Rc7 54.Qd2 Rc3 55.f3 Rxa3 56.Rf2 Kh7  0-1

[Event "Gran Canaria op"]
[Site "Las Palmas"]
[Date "1997.??.??"]
[Round "?"]
[White "Pogorelov, Ruslan"]
[Black "Blanco, Jorge"]
[Result "1-0"]
[WhiteElo "2440"]
[BlackElo "2210"]

1.Nf3 d5 2.d4 Nf6 3.c4 c6 4.Nc3 e6 5.e3 Nbd7 6.Qc2 Be7 7.Bd3 dxc4 8.Bxc4 b5
9.Bd3 a6 10.Ne4 Qb6 11.Nxf6+ Nxf6 12.e4 c5 13.e5 Nd5 14.Bxh7 Nb4 15.Qb1 g6
16.Bxg6 fxg6 17.Qxg6+ Kd8 18.Bg5 Nd5 19.dxc5 Qxc5 20.O-O Bxg5 21.Nxg5 Re8
22.Rac1 Qf8 23.Rcd1 Bd7 24.Rxd5  1-0